000 004800000a22001810004500
003 MACL
005 20160305130155.0
008 160305b xxu||||| |||| 00| 0 eng d
040 _aMACL
_cMACL
041 _aHindi
082 _a891.432
100 _aभीष्‍म साहनी
_943001
245 _aहानूश
260 _bराजकमल प्रकाशन
_c1977
_aपटना
350 _a12
650 _aDrama
_943002
942 _cHIN
_k891.432
_2ddc
999 _c26791
_d26791